[Event "270th YMCA Winter B"]
[Site "Warsaw"]
[Date "2023.02.08"]
[Round "5"]
[White "Szumigaj, Marcin"]
[Black "Malicki, Jan"]
[Result "0-1"]
[WhiteElo "1502"]
[BlackElo "1506"]
[PlyCount "74"]
[EventDate "2023.01.12"]
[EventType "tourn"]
[EventRounds "1"]
[EventCountry "POL"]
[SourceDate "2023.01.11"]

1. c4 Nf6 2. Nc3 d5 3. cxd5 Nxd5 4. d4 g6 5. e4 Nxc3 6. bxc3 Bg7 7. Nf3 O-O 8.
Be2 c5 9. Rb1 Nc6 10. d5 Bxc3+ 11. Bd2 Bxd2+ 12. Qxd2 Nb8 13. h4 h5 14. Qh6
Qa5+ 15. Kf1 Qc3 16. Re1 Qg7 17. Qg5 f6 18. Qe3 b6 19. Rg1 Bg4 20. Nh2 Bxe2+
21. Rxe2 Nd7 22. g4 hxg4 23. Nxg4 Kh7 24. h5 g5 25. Nh2 Rg8 26. Qh3 Ne5 27.
Qf5+ Kh8 28. f4 Raf8 29. h6 Qxh6 30. Rg3 g4 31. Kg2 Ng6 32. Kg1 Nxf4 33. Ree3
Nh5 34. Nxg4 Rxg4 35. Qxg4 Nxg3 36. Rxg3 Qh7 37. Rh3 Rg8 0-1

[Event "270th YMCA Winter B"]
[Site "Warsaw"]
[Date "2023.02.07"]
[Round "5"]
[White "Pasternak-Winiarski, Adam"]
[Black "Kuc, Mariusz"]
[Result "0-1"]
[WhiteElo "1611"]
[BlackElo "1718"]
[PlyCount "64"]
[EventDate "2023.01.12"]
[EventType "tourn"]
[EventRounds "1"]
[EventCountry "POL"]
[SourceDate "2023.01.11"]

1. e4 c5 2. Nf3 e6 3. d4 cxd4 4. Nxd4 Nf6 5. Nc3 d6 6. Be2 Be7 7. O-O O-O 8.
Kh1 Nc6 9. Be3 a6 10. f4 Qc7 11. Qe1 Re8 12. Qg3 d5 13. Nxc6 bxc6 14. Bd4 a5
15. Rae1 Qd8 16. exd5 exd5 17. Bf3 Bf5 18. Bd1 g6 19. Re5 Kf8 20. Rfe1 Ne4 21.
Nxe4 Bxe4 22. Rh5 Bf6 23. Bxf6 Qxf6 24. Rxh7 Kg8 25. Rh3 Qxb2 26. Rf1 Bf5 27.
Bg4 Bxg4 28. Qxg4 Qg7 29. f5 Re4 30. Qf3 g5 31. Qh5 Rae8 32. Rhf3 Rh4 0-1

[Event "270th YMCA Winter B"]
[Site "Warsaw"]
[Date "2023.02.15"]
[Round "6"]
[White "Malicki, Jan"]
[Black "Pasternak-Winiarski, Adam"]
[Result "1-0"]
[WhiteElo "1506"]
[BlackElo "1611"]
[PlyCount "139"]
[EventDate "2023.01.12"]
[EventType "tourn"]
[EventRounds "1"]
[EventCountry "POL"]
[SourceDate "2023.01.11"]

1. d4 Nf6 2. c4 g6 3. Nc3 Bg7 4. e4 d6 5. f3 O-O 6. Be3 c6 7. Bd3 Na6 8. Nge2
Nc7 9. Qd2 a6 10. O-O b5 11. a3 bxc4 12. Bxc4 Nd7 13. b4 a5 14. b5 Nb6 15. Bd3
Nxb5 16. Nxb5 cxb5 17. Bxb5 a4 18. Rab1 Ba6 19. Bxa6 Rxa6 20. Rfc1 d5 21. Qd3
Qa8 22. Nc3 Rc8 23. Nxd5 Nxd5 24. exd5 Rd8 25. Rc7 Ra7 26. Rxa7 Qxa7 27. Qc4
Qa8 28. Qc6 Bf6 29. Qxa8 Rxa8 30. Rb4 Kf8 31. Kf2 Ke8 32. Ke2 Ra5 33. Kd3 Rxd5
34. Rxa4 e5 35. Ke4 Rb5 36. Rb4 Ra5 37. a4 exd4 38. Bxd4 Be7 39. Rc4 Kd7 40.
Bb6 Ra6 41. a5 Bd6 42. h3 Bg3 43. Kd5 Ra8 44. Ra4 Ra6 45. Kc5 Be1 46. Kb5 Ra8
47. a6 Bg3 48. a7 Kc8 49. Ka6 Bb8 50. Rc4+ Kd7 51. Kb7 Bxa7 52. Bxa7 Rg8 53.
Rd4+ Ke6 54. Bb8 Kf6 55. Bc7 Re8 56. Re4 Rf8 57. g4 h5 58. Bd6 Rg8 59. Be7+ Kg7
60. g5 Kh7 61. Bf6 Rf8 62. Re7 Kg8 63. Rc7 h4 64. Rc8 Kh7 65. Kc7 Re8 66. Rd8
Rg8 67. Rxg8 Kxg8 68. Kd7 Kf8 69. Bc3 Kg8 70. Be1 1-0

[Event "270th YMCA Winter B"]
[Site "Warsaw"]
[Date "2023.02.17"]
[Round "6"]
[White "Kania, Tomasz"]
[Black "Szumigaj, Marcin"]
[Result "1-0"]
[WhiteElo "1625"]
[BlackElo "1502"]
[PlyCount "119"]
[EventDate "2023.01.12"]
[EventType "tourn"]
[EventRounds "1"]
[EventCountry "POL"]
[SourceDate "2023.01.11"]

1. e4 c5 2. Nf3 Nc6 3. d4 cxd4 4. Nxd4 e5 5. Nb5 d6 6. c4 g6 7. N1c3 a6 8. Na3
Be6 9. Be2 Bg7 10. O-O Nf6 11. Nc2 O-O 12. Bg5 Rc8 13. Qd2 Qa5 14. Rfd1 Nd4 15.
Ne3 h6 16. Bh4 g5 17. Bg3 b5 18. cxb5 axb5 19. Bd3 b4 20. Ne2 Nh5 21. Nxd4 exd4
22. Nc2 Nxg3 23. hxg3 Ra8 24. Qxb4 Qxb4 25. Nxb4 Rfb8 26. a3 Bb3 27. Rdc1 Rc8
28. Kf1 Kf8 29. Ke2 Rc5 30. Na6 Ra5 31. Rc6 Be5 32. Rac1 Kg7 33. Nb4 R5a7 34.
Rc8 Rxc8 35. Rxc8 Be6 36. Rc2 Bb3 37. Rc6 Be6 38. Kd2 Bb3 39. Bc4 Ba4 40. Ra6
Rxa6 41. Bxa6 Bb3 42. Kd3 Kg6 43. Bc4 Bd1 44. Kd2 Ba4 45. b3 Bd7 46. a4 f5 47.
exf5+ Kxf5 48. a5 Bc8 49. Bd5 Bf6 50. a6 Bxa6 51. Nxa6 Ke5 52. Bf7 d5 53. Kd3
Kd6 54. Nb4 Kc5 55. Nxd5 Bg7 56. b4+ Kb5 57. Be8+ Ka6 58. b5+ Kb7 59. f4 g4 60.
f5 1-0

[Event "270th YMCA Winter B"]
[Site "Warsaw"]
[Date "2023.02.17"]
[Round "6"]
[White "Jaroszuk, Marcin"]
[Black "Kowalski, Witold"]
[Result "1/2-1/2"]
[WhiteElo "1484"]
[BlackElo "1484"]
[PlyCount "59"]
[EventDate "2023.01.12"]
[EventType "tourn"]
[EventRounds "1"]
[EventCountry "POL"]
[SourceDate "2023.01.11"]

1. Nf3 c5 2. g3 d5 3. Bg2 Nf6 4. O-O Nc6 5. d4 e6 6. c4 Be7 7. Nc3 dxc4 8. Qa4
O-O 9. dxc5 Bxc5 10. Qxc4 Be7 11. Rd1 Qa5 12. Bd2 Qh5 13. Qh4 Qxh4 14. Nxh4 e5
15. Nf3 h6 16. Ne1 Bf5 17. e4 Bg4 18. f3 Bc5+ 19. Kh1 Be6 20. Nc2 Rfd8 21. Na4
Bd4 22. Bc3 Rac8 23. Bf1 g6 24. Kg2 Kg7 25. Bb5 Bxc3 26. Nxc3 Nd4 27. Bd3 a6
28. Ne3 Rc7 29. Kf2 b5 30. Ne2 $11 1/2-1/2

[Event "270th YMCA Winter B"]
[Site "Warsaw"]
[Date "2023.01.24"]
[Round "6"]
[White "Szukalski, Antoni"]
[Black "Nocek, Dominik"]
[Result "1/2-1/2"]
[WhiteElo "1709"]
[BlackElo "1644"]
[PlyCount "61"]
[EventDate "2023.01.12"]
[EventType "tourn"]
[EventRounds "1"]
[EventCountry "POL"]
[SourceDate "2023.01.11"]

1. d4 Nf6 2. Nf3 g6 3. Bf4 Bg7 4. e3 c5 5. c3 b6 6. dxc5 bxc5 7. h3 d6 8. Bb5+
Bd7 9. Be2 O-O 10. O-O Nc6 11. Nbd2 Qc7 12. Nb3 Qb6 13. Qc2 Rfb8 14. Nfd2 a5
15. Nc4 Qd8 16. Bf3 a4 17. Nbd2 Ne8 18. Rfd1 Nc7 19. g4 Nb5 20. a3 Qc8 21. Bg3
Be6 22. e4 Na5 23. Be2 Nc7 24. Re1 Nb3 25. Rab1 Nxd2 26. Qxd2 Rb3 27. Rec1 Rab8
28. Na5 R3b6 29. Nc4 Rb3 30. Na5 R3b6 31. Nc4 1/2-1/2

[Event "270th YMCA Winter B"]
[Site "Warsaw"]
[Date "2023.02.16"]
[Round "6"]
[White "Pichurko, Jakub"]
[Black "Mlynarski, Zbigniew"]
[Result "1/2-1/2"]
[WhiteElo "1664"]
[BlackElo "1615"]
[PlyCount "56"]
[EventDate "2023.01.12"]
[EventType "tourn"]
[EventRounds "1"]
[EventCountry "POL"]
[SourceDate "2023.01.11"]

1. Nf3 Nf6 2. d4 e6 3. Bg5 d5 4. e3 Bb4+ 5. c3 Be7 6. Nbd2 h6 7. Bxf6 Bxf6 8.
Bd3 O-O 9. O-O Nd7 10. e4 dxe4 11. Nxe4 Be7 12. Qe2 b6 13. Nd6 Nf6 14. Nxc8
Rxc8 15. Rad1 Qd5 16. Ne5 c5 17. dxc5 Qxc5 18. Rfe1 Bd6 19. Ng4 Nxg4 20. Qxg4
Rfd8 21. h4 Be7 22. h5 Qc6 23. Re3 Bf6 24. Bb1 Rxd1+ 25. Qxd1 Rd8 26. Rd3 Qc7
27. Rxd8+ Qxd8 28. Qxd8+ Bxd8 1/2-1/2

[Event "270th YMCA Winter B"]
[Site "Warsaw"]
[Date "2023.02.24"]
[Round "7"]
[White "Nocek, Dominik"]
[Black "Pichurko, Jakub"]
[Result "1/2-1/2"]
[WhiteElo "1644"]
[BlackElo "1664"]
[PlyCount "41"]
[EventDate "2023.01.12"]
[EventType "tourn"]
[EventRounds "1"]
[EventCountry "POL"]
[SourceDate "2023.01.11"]

1. e4 c6 2. d4 d5 3. e5 c5 4. dxc5 e6 5. a3 Bxc5 6. b4 Bb6 7. Nf3 Ne7 8. Bb2
O-O 9. Bd3 Ng6 10. Qd2 Nc6 11. h4 Bc7 12. Qe3 Bb6 13. Qg5 Qxg5 14. hxg5 Bc7 15.
Nbd2 Ncxe5 16. Nxe5 Bxe5 17. Bxe5 Nxe5 18. Bxh7+ Kh8 19. Bg6+ Kg8 20. Bh7+ Kh8
21. Bg6+ $11 1/2-1/2

[Event "270th YMCA Winter B"]
[Site "Warsaw"]
[Date "2023.02.15"]
[Round "7"]
[White "Kowalski, Witold"]
[Black "Szukalski, Antoni"]
[Result "1-0"]
[WhiteElo "1484"]
[BlackElo "1709"]
[PlyCount "57"]
[EventDate "2023.01.12"]
[EventType "tourn"]
[EventRounds "1"]
[EventCountry "POL"]
[SourceDate "2023.01.11"]

1. e4 c6 2. d4 d5 3. Nc3 dxe4 4. Nxe4 Bf5 5. Ng3 Bg6 6. Nf3 h6 7. c3 Nf6 8. Ne5
e6 9. Nxg6 fxg6 10. Bd3 g5 11. O-O Bd6 12. Bg6+ Kd7 13. Re1 Na6 14. Qb3 Nc7 15.
c4 Bxg3 16. hxg3 Qe7 17. Bd2 a5 18. Bc3 a4 19. Qc2 b5 20. d5 cxd5 21. cxd5
Nfxd5 22. Be5 Rhc8 23. Rad1 Ne8 24. Qe2 Kc6 25. Bd3 Nec7 26. Bxc7 Kxc7 27. Bxb5
Nf6 28. Qe5+ Kb7 29. Rd6 1-0

[Event "270th YMCA Winter B"]
[Site "Warsaw"]
[Date "2023.02.24"]
[Round "7"]
[White "Szumigaj, Marcin"]
[Black "Jaroszuk, Marcin"]
[Result "0-1"]
[WhiteElo "1502"]
[BlackElo "1484"]
[PlyCount "38"]
[EventDate "2023.01.12"]
[EventType "tourn"]
[EventRounds "1"]
[EventCountry "POL"]
[SourceDate "2023.01.11"]

1. e4 e5 2. Nf3 Nc6 3. Bb5 a6 4. Ba4 d6 5. O-O Bg4 6. h3 h5 7. c3 Qf6 8. Bxc6+
bxc6 9. d4 Bxf3 10. gxf3 Ne7 11. Be3 g5 12. Kh2 Ng6 13. Qa4 Kd8 14. Qxc6 Rb8
15. Nd2 Bh6 16. dxe5 Nxe5 17. Qd5 g4 18. fxg4 hxg4 19. Bd4 Bxd2 0-1

[Event "270th YMCA Winter B"]
[Site "Warsaw"]
[Date "2023.02.21"]
[Round "7"]
[White "Pasternak-Winiarski, Adam"]
[Black "Kania, Tomasz"]
[Result "0-1"]
[WhiteElo "1611"]
[BlackElo "1625"]
[PlyCount "58"]
[EventDate "2023.01.12"]
[EventType "tourn"]
[EventRounds "1"]
[EventCountry "POL"]
[SourceDate "2023.01.11"]

1. e4 c5 2. Nf3 Nc6 3. d4 cxd4 4. Nxd4 g6 5. Be3 Bg7 6. Nc3 Nf6 7. f3 O-O 8.
Qd2 d5 9. Nxc6 bxc6 10. O-O-O Qc7 11. exd5 cxd5 12. Nxd5 Nxd5 13. Qxd5 Bf5 14.
Qc5 Qb7 15. Qb5 Qc8 16. Qc5 Bh6 17. Rd2 Qxc5 18. Bxc5 Rac8 19. b4 Rfd8 20. Bd3
Bxd3 21. cxd3 Rxd3 22. Rhd1 Rcd8 23. Bxe7 R8d7 24. Bh4 Rxd2 25. Rxd2 Bxd2+ 26.
Kc2 Bxb4 27. Kb3 Bc5 28. Bg5 Bb6 29. h4 Bd8 0-1

[Event "270th YMCA Winter B"]
[Site "Warsaw"]
[Date "2023.02.21"]
[Round "7"]
[White "Kuc, Mariusz"]
[Black "Malicki, Jan"]
[Result "0-1"]
[WhiteElo "1718"]
[BlackElo "1506"]
[PlyCount "70"]
[EventDate "2023.01.12"]
[EventType "tourn"]
[EventRounds "1"]
[EventCountry "POL"]
[SourceDate "2023.01.11"]

1. e4 c5 2. Nc3 Nc6 3. Bb5 Nd4 4. Bc4 e6 5. Nf3 a6 6. Nxd4 cxd4 7. Ne2 b5 8.
Bb3 Bb7 9. d3 d5 10. e5 Qc7 11. f4 Bc5 12. Ng3 Ne7 13. Bd2 a5 14. a4 b4 15. O-O
g6 16. Kh1 h5 17. c3 dxc3 18. bxc3 h4 19. Ne2 h3 20. d4 hxg2+ 21. Kxg2 Nf5 22.
Ng3 bxc3 23. Nxf5 cxd2 24. Nd6+ Bxd6 25. exd6 Qc3 26. Ra2 Qxd4 27. Rxd2 Qe4+
28. Qf3 Qxf3+ 29. Kxf3 Kd7 30. Rb1 Kxd6 31. Bd1 Bc6 32. Ke3 f6 33. Bc2 Rh3+ 34.
Kd4 e5+ 35. fxe5+ fxe5# 0-1

[Event "270th YMCA Winter B"]
[Site "Warsaw"]
[Date "2023.02.23"]
[Round "8"]
[White "Kania, Tomasz"]
[Black "Kuc, Mariusz"]
[Result "1-0"]
[WhiteElo "1625"]
[BlackElo "1718"]
[PlyCount "76"]
[EventDate "2023.01.12"]
[EventType "tourn"]
[EventRounds "1"]
[EventCountry "POL"]
[SourceDate "2023.01.11"]

1. e4 c5 2. Nf3 d6 3. d4 cxd4 4. Nxd4 Nf6 5. Nc3 e6 6. g4 h6 7. Rg1 Nc6 8. Be2
a6 9. h4 Nxd4 10. Qxd4 h5 11. Bg5 Be7 12. gxh5 b5 13. a3 e5 14. Qd2 Bb7 15. Bf3
Qc7 16. O-O-O Rd8 17. h6 gxh6 18. Bxh6 Bf8 19. Bg5 Be7 20. Kb1 Qc4 21. Qe3 b4
22. axb4 Qxb4 23. Bxf6 Bxf6 24. h5 Ke7 25. Qd2 Rb8 26. Nd5+ Bxd5 27. Qxb4 Ba2+
28. Kxa2 Rxb4 29. Rd5 Bh4 30. Rg2 Rh6 31. c3 Rb6 32. Bg4 Bg5 33. Be2 Bc1 34. b4
Rf6 35. Bg4 Rh6 36. Rg1 Bf4 37. Kb3 Rh8 38. Ra1 Rc8 1-0

[Event "270th YMCA Winter B"]
[Site "Warsaw"]
[Date "2023.02.16"]
[Round "8"]
[White "Jaroszuk, Marcin"]
[Black "Pasternak-Winiarski, Adam"]
[Result "1/2-1/2"]
[WhiteElo "1484"]
[BlackElo "1611"]
[PlyCount "200"]
[EventDate "2023.01.12"]
[EventType "tourn"]
[EventRounds "1"]
[EventCountry "POL"]
[SourceDate "2023.01.11"]

1. d4 Nf6 2. Nf3 g6 3. g3 Bg7 4. Bg2 O-O 5. c4 d6 6. O-O c6 7. Nc3 Qa5 8. e4
Nbd7 9. h3 e5 10. Be3 exd4 11. Bxd4 Ne5 12. b3 Nfd7 13. Rc1 Nxf3+ 14. Bxf3 Ne5
15. Bg2 c5 16. Bxe5 Bxe5 17. Qc2 Be6 18. f4 Bd4+ 19. Kh1 Rad8 20. f5 Bd7 21. f6
Bxc3 22. Qxc3 Qxc3 23. Rxc3 Bc6 24. Rd1 Rfe8 25. Rcd3 Re6 26. e5 Bxg2+ 27. Kxg2
Kf8 28. g4 h6 29. h4 Ke8 30. Kf3 g5 31. hxg5 hxg5 32. Rd5 b6 33. Ke4 Rd7 34.
Kf5 Rxe5+ 35. Rxe5+ dxe5 36. Re1 Kf8 37. Kxg5 Rd2 38. Rxe5 Rxa2 39. Kf5 a5 40.
Ke4 Rb2 41. Rd5 Ke8 42. Rd3 Rf2 43. Rd6 Re2+ 44. Kf3 Rb2 45. Rd3 Rb1 46. Ke4
Rf1 47. Ke5 Re1+ 48. Kd5 Re6 49. Rf3 Kf8 50. g5 Re1 51. Kc6 Re6+ 52. Kd7 Re1
53. Rh3 Kg8 54. Rd3 Kh7 55. Kc6 Re6+ 56. Rd6 Re3 57. Kxb6 Rxb3+ 58. Kxc5 a4 59.
Ra6 a3 60. Kd6 Re3 61. Ra5 Kg6 62. Kc6 Re4 63. Kd5 Re3 64. Kd4 Rf3 65. c5 Kxg5
66. c6+ Kxf6 67. c7 Rf4+ 68. Kc3 Rf3+ 69. Kb4 Rf4+ 70. Kb3 Rf3+ 71. Kb4 Rf4+
72. Kb5 Rf5+ 73. Kb6 Rxa5 74. c8=Q Rg5 75. Qc3+ Kg6 76. Qd3+ Kg7 77. Qxa3 Rg6+
78. Kc7 Kg8 79. Qb2 Rh6 80. Kd7 Rg6 81. Qe5 Re6 82. Qf5 Kg7 83. Qg5+ Rg6 84.
Qe5+ Kg8 85. Qc3 Rh6 86. Qc8+ Kg7 87. Qd8 Rg6 88. Qh4 Kg8 89. Qh5 Kg7 90. Kd8
Kg8 91. Qe5 Re6 92. Qc3 Rg6 93. Qc8 Kg7 94. Qa8 Rh6 95. Qb7 Rg6 96. Ke8 Re6+
97. Kd7 Rg6 98. Qe4 Kg8 99. Qb4 Kg7 100. Qb8 Rh6 1/2-1/2

[Event "270th YMCA Winter B"]
[Site "Warsaw"]
[Date "2023.01.31"]
[Round "8"]
[White "Szukalski, Antoni"]
[Black "Szumigaj, Marcin"]
[Result "1-0"]
[WhiteElo "1709"]
[BlackElo "1502"]
[PlyCount "85"]
[EventDate "2023.01.12"]
[EventType "tourn"]
[EventRounds "1"]
[EventCountry "POL"]
[SourceDate "2023.01.11"]

1. d4 Nf6 2. c4 c5 3. e3 cxd4 4. exd4 d5 5. Nf3 g6 6. Nc3 Bg7 7. h3 O-O 8. Be3
h6 9. Bd3 Be6 10. c5 Nc6 11. a3 a5 12. Na4 Nd7 13. Qd2 Kh7 14. O-O f5 15. Rfe1
Bg8 16. Rac1 Qe8 17. Bf4 Nf6 18. Nb6 Ra7 19. Bb5 Ne4 20. Qd3 g5 21. Be5 Qh5 22.
Bxg7 Kxg7 23. Bxc6 bxc6 24. Ne5 g4 25. Qe2 Rc7 26. hxg4 fxg4 27. Qxg4+ Qxg4 28.
Nxg4 h5 29. f3 Nxc5 30. Ne5 Nb3 31. Rxc6 Rxc6 32. Nxc6 Rf6 33. Rxe7+ Kh6 34.
Rc7 Nxd4 35. Nxd4 Rxb6 36. Rc6+ Rxc6 37. Nxc6 a4 38. g3 Kg5 39. Kf2 h4 40.
gxh4+ Kxh4 41. Ke3 Kg5 42. Kd4 Kf6 43. Nb4 1-0

[Event "270th YMCA Winter B"]
[Site "Warsaw"]
[Date "2023.03.03"]
[Round "8"]
[White "Pichurko, Jakub"]
[Black "Kowalski, Witold"]
[Result "0-1"]
[WhiteElo "1664"]
[BlackElo "1484"]
[PlyCount "62"]
[EventDate "2023.01.12"]
[EventType "tourn"]
[EventRounds "1"]
[EventCountry "POL"]
[SourceDate "2023.01.11"]

1. d4 Nf6 2. Bf4 g6 3. Nc3 d5 4. e3 Bg7 5. h4 h6 6. Bd3 a6 7. a4 c5 8. Qd2 Nc6
9. Be5 cxd4 10. Bxd4 Nxd4 11. exd4 h5 12. Nf3 O-O 13. a5 Bd7 14. O-O Rc8 15.
Ne5 Bc6 16. Rfe1 Qd6 17. Na4 Bxa4 18. Rxa4 Rfd8 19. Rb4 Ne4 20. Bxe4 dxe4 21.
f4 exf3 22. Nxf3 Rxc2 23. Qxc2 Qxb4 24. Qc3 Bxd4+ 25. Nxd4 Qxd4+ 26. Qxd4 Rxd4
27. Rxe7 Rb4 28. Re2 Rxh4 29. Kf2 Ra4 30. Re7 Rb4 31. Re2 Rb5 0-1

[Event "270th YMCA Winter B"]
[Site "Warsaw"]
[Date "2023.02.22"]
[Round "8"]
[White "Mlynarski, Zbigniew"]
[Black "Nocek, Dominik"]
[Result "1-0"]
[WhiteElo "1615"]
[BlackElo "1644"]
[PlyCount "75"]
[EventDate "2023.01.12"]
[EventType "tourn"]
[EventRounds "1"]
[EventCountry "POL"]
[SourceDate "2023.01.11"]

1. d4 Nf6 2. c4 c5 3. d5 e6 4. Nc3 exd5 5. cxd5 d6 6. e4 g6 7. Bb5+ Bd7 8. Qe2
Bxb5 9. Nxb5 Nbd7 10. Bf4 Ne5 11. Bxe5 dxe5 12. Nf3 a6 13. Na3 Nd7 14. Nc4 Qc7
15. a4 Bg7 16. O-O O-O 17. a5 b5 18. axb6 Nxb6 19. d6 Qc6 20. Nfxe5 Bxe5 21.
Nxe5 Qxd6 22. Ng4 h5 23. e5 Qe6 24. Nf6+ Kg7 25. f4 Nd7 26. Ne4 f6 27. Rad1
fxe5 28. Rd6 Qe7 29. Qd3 Rad8 30. Nxc5 Nf6 31. Rxd8 Rxd8 32. Qxd8 Qxc5+ 33. Kh1
exf4 34. Re1 Ne4 35. h4 Qd6 36. Qe8 Ng3+ 37. Kh2 Nf5 38. Re6 1-0

[Event "270th YMCA Winter B"]
[Site "Warsaw"]
[Date "2023.03.10"]
[Round "9"]
[White "Kowalski, Witold"]
[Black "Mlynarski, Zbigniew"]
[Result "1-0"]
[WhiteElo "1484"]
[BlackElo "1615"]
[PlyCount "69"]
[EventDate "2023.01.12"]
[EventType "tourn"]
[EventRounds "1"]
[EventCountry "POL"]
[SourceDate "2023.01.11"]

1. e4 e5 2. Nf3 Nc6 3. Bc4 Bc5 4. c3 Nf6 5. d3 O-O 6. O-O d6 7. Bb3 Qe7 8. h3
b5 9. Re1 Bb6 10. Nbd2 Bb7 11. Nf1 h6 12. Ng3 Rfe8 13. Nf5 Qd7 14. Bxh6 gxh6
15. Nxh6+ Kg7 16. Qd2 Nh7 17. Nxf7 Re6 18. Bxe6 Qxe6 19. N7g5 Qf6 20. Nxh7 Kxh7
21. Qg5 Qf7 22. Qh4+ Kg7 23. Qg3+ Kh8 24. Qh4+ Kg7 25. Qg5+ Kh8 26. Qh6+ Kg8
27. Re2 Rf8 28. Rf1 Nd8 29. a3 Ne6 30. Ng5 Nxg5 31. Qxg5+ Kh7 32. Kh2 c6 33. f4
Bd8 34. Qg4 Bc8 35. Qxc8 1-0

[Event "270th YMCA Winter B"]
[Site "Warsaw"]
[Date "2023.03.10"]
[Round "9"]
[White "Szumigaj, Marcin"]
[Black "Pichurko, Jakub"]
[Result "1/2-1/2"]
[WhiteElo "1502"]
[BlackElo "1664"]
[PlyCount "60"]
[EventDate "2023.01.12"]
[EventType "tourn"]
[EventRounds "1"]
[EventCountry "POL"]
[SourceDate "2023.01.11"]

1. c4 c6 2. Nf3 d5 3. d4 Nf6 4. Qb3 dxc4 5. Qxc4 Bf5 6. Nc3 e6 7. Bg5 Be7 8. e3
Nbd7 9. Be2 h6 10. Bh4 O-O 11. O-O Ne4 12. Bxe7 Qxe7 13. Rfd1 a5 14. Nxe4 Bxe4
15. Nd2 Bd5 16. Qd3 f5 17. Bf3 Rae8 18. Re1 Nf6 19. e4 fxe4 20. Nxe4 Nxe4 21.
Bxe4 Qg5 22. Re2 Qf6 23. Rae1 Rd8 24. f3 Bxe4 25. Qxe4 Qxd4+ 26. Qxd4 Rxd4 27.
Rxe6 Rd2 28. R1e2 Rfd8 29. Kf2 Rxe2+ 30. Rxe2 Kf7 $11 1/2-1/2

[Event "270th YMCA Winter B"]
[Site "Warsaw"]
[Date "2023.02.01"]
[Round "9"]
[White "Pasternak-Winiarski, Adam"]
[Black "Szukalski, Antoni"]
[Result "1/2-1/2"]
[WhiteElo "1611"]
[BlackElo "1709"]
[PlyCount "121"]
[EventDate "2023.01.12"]
[EventType "tourn"]
[EventRounds "1"]
[EventCountry "POL"]
[SourceDate "2023.01.11"]

1. e4 c6 2. d4 d5 3. exd5 cxd5 4. Bd3 Nf6 5. h3 Nc6 6. c3 e5 7. dxe5 Nxe5 8.
Bc2 Bc5 9. Ne2 O-O 10. O-O Re8 11. Nd2 Nh5 12. Nb3 Bb6 13. Nbd4 Qh4 14. Bf5 g6
15. g3 Qf6 16. Bxc8 Raxc8 17. Kg2 Nc6 18. Be3 Ng7 19. Nf4 Rcd8 20. Nfe2 Qe5 21.
Qd3 Qe4+ 22. Qxe4 Rxe4 23. Rad1 f6 24. Rd2 Na5 25. b3 Rc8 26. Rfd1 Nc6 27. Nc2
Bxe3 28. Nxe3 Ne7 29. Kf3 f5 30. Nxd5 Nxd5 31. Rxd5 Ne6 32. h4 Re8 33. R1d2 Kf7
34. c4 Kf6 35. Nc3 Re1 36. Rd6 h6 37. Nd5+ Ke5 38. Nc3 g5 39. R6d5+ Kf6 40.
hxg5+ hxg5 41. Rd6 g4+ 42. Kg2 Rh8 43. Rd1 Rxd1 44. Rxd1 Rd8 45. Nd5+ Kf7 46.
Rh1 b5 47. Rh7+ Ng7 48. Ne3 Kg6 49. Rh1 bxc4 50. Nxc4 Ne6 51. Re1 Ng5 52. Re7
Rd1 53. Re2 Nh3 54. Ne3 Ra1 55. Nf1 Kf6 56. Ne3 Ng5 57. Nd5+ Kg7 58. Ne3 Nf3
59. Nf1 Ne1+ 60. Kg1 Nf3+ 61. Kg2 1/2-1/2

[Event "270th YMCA Winter B"]
[Site "Warsaw"]
[Date "2023.03.21"]
[Round "9"]
[White "Kuc, Mariusz"]
[Black "Jaroszuk, Marcin"]
[Result "1-0"]
[WhiteElo "1718"]
[BlackElo "1484"]
[PlyCount "113"]
[EventDate "2023.01.12"]
[EventType "tourn"]
[EventRounds "1"]
[EventCountry "POL"]
[SourceDate "2023.01.11"]

1. e4 e5 2. Nf3 Nc6 3. d4 exd4 4. Nxd4 Nf6 5. Nxc6 bxc6 6. Bd3 d5 7. e5 Ng4 8.
O-O Qh4 9. Bf4 Bc5 10. Bg3 Qe7 11. h3 Nh6 12. Nd2 Nf5 13. Bh2 O-O 14. c3 Bb6
15. Qe2 Qg5 16. Nf3 Qe7 17. Rae1 Be6 18. Bf4 h6 19. Kh2 Nh4 20. Nxh4 Qxh4 21.
Bg3 Qe7 22. f4 Rae8 23. f5 Bc8 24. Qh5 Qg5 25. Qf3 Qd8 26. f6 g6 27. Qf4 Kh7
28. h4 Be6 29. Re2 Rh8 30. h5 Qd7 31. hxg6+ fxg6 32. f7 Ref8 33. Qf6 Qxf7 34.
Qxf7+ Rxf7 35. Rxf7+ Bxf7 36. e6 Be8 37. b4 a5 38. a4 Rf8 39. Be5 Kg8 40. Bc2
Kh7 41. Bd3 Kg8 42. bxa5 Bxa5 43. Bd4 Rf4 44. Rb2 Kf8 45. Bc5+ Kg7 46. Bd4+ Kh7
47. Rb8 Rf8 48. Ra8 Bb6 49. a5 Bxd4 50. cxd4 Kg7 51. a6 c5 52. a7 Bc6 53. Rb8
c4 54. Bc2 g5 55. e7 Rf2 56. e8=Q Bxe8 57. Rxe8 1-0

[Event "270th YMCA Winter B"]
[Site "Warsaw"]
[Date "2023.03.17"]
[Round "10"]
[White "Jaroszuk, Marcin"]
[Black "Malicki, Jan"]
[Result "0-1"]
[WhiteElo "1484"]
[BlackElo "1506"]
[PlyCount "106"]
[EventDate "2023.01.12"]
[EventType "tourn"]
[EventRounds "1"]
[EventCountry "POL"]
[SourceDate "2023.01.11"]

1. f4 d5 2. Nf3 c5 3. e3 Nf6 4. Be2 g6 5. O-O Bg7 6. d3 O-O 7. Nc3 Nc6 8. Ne5
Qb6 9. Kh1 h5 10. e4 dxe4 11. Nc4 Qc7 12. dxe4 Rd8 13. Qe1 Nb4 14. Ne3 Bg4 15.
a3 Bxe2 16. Qxe2 Nc6 17. Ncd5 Nxd5 18. Nxd5 Qd7 19. c3 e6 20. Ne3 Qd3 21. Qf3
Na5 22. Rd1 Qb5 23. h3 Rd3 24. Qe2 Rad8 25. Rxd3 Qxd3 26. Qxd3 Rxd3 27. Rb1 Nb3
28. Nc4 Rd1+ 29. Kh2 Rxc1 30. Rxc1 Nxc1 31. Nd6 b6 32. Nc8 Nd3 33. Nxa7 Nxb2
34. e5 Nd3 35. g3 Bh6 36. Nc8 b5 37. Nd6 b4 38. cxb4 cxb4 39. axb4 Nxb4 40. Kg2
Nd5 41. Kf3 h4 42. gxh4 Bxf4 43. Nc4 Kg7 44. Ke4 Bg3 45. Nd2 Bxh4 46. Nf3 Bg3
47. Kd4 Nf4 48. Ng5 Bh4 49. Nf3 Bf2+ 50. Ke4 Nxh3 51. Nh2 Bg3 52. Nf1 Ng5+ 53.
Kd4 Bf4 0-1

[Event "270th YMCA Winter B"]
[Site "Warsaw"]
[Date "2023.01.25"]
[Round "10"]
[White "Szukalski, Antoni"]
[Black "Kuc, Mariusz"]
[Result "1/2-1/2"]
[WhiteElo "1709"]
[BlackElo "1718"]
[PlyCount "61"]
[EventDate "2023.01.12"]
[EventType "tourn"]
[EventRounds "1"]
[EventCountry "POL"]
[SourceDate "2023.01.11"]

1. d4 f5 2. Nf3 Nf6 3. g3 g6 4. Bg2 Bg7 5. c4 d6 6. O-O O-O 7. Nc3 Qe8 8. d5 a5
9. Be3 Na6 10. Rc1 Bd7 11. h3 h6 12. Qd2 Kh7 13. b3 c6 14. Rfd1 g5 15. Nd4 Nc5
16. f4 gxf4 17. Bxf4 Rc8 18. Re1 Qg6 19. Kh2 h5 20. Nf3 Nce4 21. Ng5+ Nxg5 22.
Bxg5 Rg8 23. e4 fxe4 24. Nxe4 cxd5 25. cxd5 Rxc1 26. Qxc1 Bf5 27. Nxf6+ Bxf6
28. Bf4 Rc8 29. Qe3 Rc3 30. Qf2 Bd3 31. Rc1 1/2-1/2

[Event "270th YMCA Winter B"]
[Site "Warsaw"]
[Date "2023.03.14"]
[Round "10"]
[White "Pichurko, Jakub"]
[Black "Pasternak-Winiarski, Adam"]
[Result "1/2-1/2"]
[WhiteElo "1664"]
[BlackElo "1611"]
[PlyCount "73"]
[EventDate "2023.01.12"]
[EventType "tourn"]
[EventRounds "1"]
[EventCountry "POL"]
[SourceDate "2023.01.11"]

1. c3 Nf6 2. d4 c5 3. Nf3 e6 4. g3 d5 5. Bg2 Nc6 6. O-O Qb6 7. a3 a5 8. e3 Bd7
9. a4 Be7 10. Na3 c4 11. Nd2 Na7 12. e4 O-O 13. Re1 Bxa3 14. Rxa3 Qa6 15. exd5
exd5 16. Nf1 h6 17. Bf4 Be6 18. h3 b5 19. axb5 Nxb5 20. Ra1 a4 21. Qd2 Nd6 22.
f3 Rfb8 23. g4 Rb3 24. Bxh6 gxh6 25. Qxh6 Nde8 26. Re5 Nh7 27. Rae1 Ng7 28. Ng3
Qc8 29. Nh5 Qf8 30. Nf6+ Nxf6 31. Qxf6 Rxb2 32. f4 a3 33. f5 a2 34. fxe6 fxe6
35. Rxe6 Qxf6 36. Rxf6 Ra5 37. Ra1 1/2-1/2